| 000 | 00412pab a2200157 454500 | ||
|---|---|---|---|
| 008 | 180718b1998 xxu||||| |||| 00| 0 eng d | ||
| 100 | _aBhagwati, Jagdish | ||
| 245 | _aIndia's economic reforms: dismantling the machine for going backwards | ||
| 260 | _c1998 | ||
| 300 | _ap.5-7 | ||
| 362 | _aJan-Mar | ||
| 650 | _aEconomic reform - India | ||
| 650 | _aEconomic reform | ||
| 773 | _aVikalpa | ||
| 909 | _a38996 | ||
| 999 |
_c38996 _d38996 |
||